00360nam a2200121Ia 4500008004100000024001500041082001800056100002800074245004300102260002600145600003400171650003300205260210s9999 xx 000 0 und d a07B-045-TE a004.68072 SHA aSaleh Ibn Ahmed Shareef 0aEstablishment of wi-fi Network for UIT aKarachi:bUITU,c2007 aTelecommunication Engineering aBachelor of Engineering (BE)